| 000 | 00692nam a2200193 i 4500 | ||
|---|---|---|---|
| 001 | 100605 | ||
| 003 | ES-MaACL | ||
| 005 | 20230906182715.0 | ||
| 007 | t| | ||
| 008 | 050930s1948 ag ||||1| spa d | ||
| 100 | 1 |
_aMason, Robert L. _978767 |
|
| 245 | 1 | 0 |
_aTratamiento pre y postoperatorio / _cdirigido por Robert L. Mason y Harold A. Zintel; traducido de la segunda edición original por el Dr. Alberto Folch y Pi. |
| 250 | _a[1ª ed. en idioma castellano]. | ||
| 260 |
_aBuenos Aires : _bJosé Bernades, _c1948. |
||
| 300 |
_aXVIII, 677 p. : _bil. ; _c24 cm. |
||
| 700 | 1 |
_aZintel, Harold A. _9118293 |
|
| 700 | 1 |
_aFolch i Pi, Alberto. _951452 |
|
| 852 |
_aES-MaACL _jF-5225 _bR.27001 |
||
| 999 |
_c100605 _d100605 |
||